| 000 | 00395 a2200133 4500 | ||
|---|---|---|---|
| 001 | 91442 | ||
| 082 | _aPR 1341 | ||
| 090 |
_c43574 _d43573 |
||
| 100 | _aMuhammad Noman; Prof Shoaib Salamat and Ali Javaid Hashmi (Advisors) | ||
| 245 |
_aDesign and Implementation Photovoltiac Solar Power System _n74 "B" EC |
||
| 260 |
_aRawalpindi _bNUST _c2013 |
||
| 300 | _a41p | ||
| 500 | _aBE Poject Reports | ||
| 942 |
_aCAE NUST _kPR 1341 |
||
| 999 |
_c326515 _d326515 |
||